Análisis de sistemas eléctricos de potencia
I tiakina i:
| Kaituhi matua: | |
|---|---|
| Hōputu: | Pukapuka |
| Reo: | Pāniora |
| I whakaputaina: |
Ciudad de México
McGraw-Hill
1965
|
| Putanga: | 2a. ed |
| Ngā marau: | |
| Ngā Tūtohu: |
Tāpirihia he Tūtohu
Kāore He Tūtohu, Me noho koe te mea tuatahi ki te tūtohu i tēnei pūkete!
|
MARC
| LEADER | 00000nam a2200000 a 4500 | ||
|---|---|---|---|
| 001 | UCU5130 | ||
| 003 | CL-VaPUC | ||
| 008 | 960531e19650000MX |||||||||||||||||spa|d | ||
| 082 | 0 | 4 | |a 621.31 |b STE |2 21 |
| 100 | 0 | |a Stevenson, William D |e author |9 362975 | |
| 245 | 1 | 0 | |a Análisis de sistemas eléctricos de potencia |
| 250 | |a 2a. ed | ||
| 300 | |a 398 p | ||
| 942 | |c BK | ||
| 945 | |d 19960531 00:00:00 |a cmena | ||
| 260 | |a Ciudad de México |b McGraw-Hill |c 1965 | ||
| 650 | 0 | |a Circuitos eléctricos |9 260262 | |
| 650 | 0 | |a Electrónica |9 263192 | |
| 650 | 0 | |a Matrices |9 22 | |
| 650 | 0 | |a Ecuaciones |9 260137 | |
| 650 | 0 | |a Circuitos |9 263339 | |
| 583 | |a last modification |c 19960531 00:00:00 |k Rodrigo Vera | ||
| 999 | |c 248593 |d 248591 | ||
| 952 | |0 0 |1 0 |4 0 |6 621_310000000000000_STE_1965 |7 0 |8 A |9 265333 |a BIBING |b BIBING |d 2019-11-19 |i 1664638 |l 6 |o 621.31 STE 1965 |p 1664638 |r 2025-01-20 |s 2021-06-23 |w 2019-11-19 |y BK |k EIE | ||
| 952 | |0 0 |1 0 |4 0 |6 621_310000000000000_STE_1965 |7 0 |8 A |9 265334 |a BIBING |b BIBING |d 2019-11-19 |i 168180K |o 621.31 STE 1965 |p 168180K |r 2023-03-02 |w 2019-11-19 |y BK |k EIE | ||